| 000 | 00725nam a2200265Ia 4500 | ||
|---|---|---|---|
| 005 | 20260121172540.0 | ||
| 008 | 008 260114s9999 xx 000 0 eng d | ||
| 020 | _a9789813361294 | ||
| 037 | _aEBOOK | ||
| 040 | _aCRL | ||
| 040 | _beng | ||
| 040 | _cCRL | ||
| 041 | _2eng | ||
| 041 | _aeng | ||
| 084 | _qCRL | ||
| 100 |
_aAboul Ella Hassanien, Ashraf Darwish, Sherine M. Abd El-Kader, Dabiah Ahmed Alboaneen _91089785 |
||
| 245 | 0 | _aEnabling Machine Learning Applications in Data Science | |
| 260 | _bSpringer | ||
| 260 | _bSpringer | ||
| 260 | _c2021 | ||
| 856 | _uhttps://link.springer.com/openurl?genre=book&isbn=978-981-33-6129-4 | ||
| 942 | _cEBOOK | ||
| 999 |
_c1655524 _d1655524 |
||